Harry Potter - nazwiska - Statystyki

Ogólne statystyki
  • Ten quiz został rozwiązany 15 230 razy
  • Średni wynik to 16 z 24
Statystyki odpowiedzi
Imię Nazwisko % Poprawnych
Harry Potter
100%
Severus Snape
95%
Draco Malfoy
94%
Ron Weasley
93%
Syriusz Black
90%
Hermiona Granger
90%
Albus Dumbledore
87%
Bellatrix Lestrange
78%
Neville Longbottom
71%
Minerwa McGonagall
70%
Remus Lupin
69%
Alastor Moody
67%
Rubeus Hagrid
66%
Dolores Umbridge
66%
Luna Lovegood
65%
Cedric Diggory
62%
Cho Chang
61%
Viktor Krum
60%
Gilderoy Lockhart
53%
Dudley Dursley
47%
Helga Hufflepuff
40%
Rita Skeeter
37%
Sybilla Trelawney
33%
Filius Flitwick
28%
Nie znaleziono quizów pasujących do podanych kryteriów
Rozkład punktacji
Procent ludzi z każdym wynikiem
Percentyl według liczby udzielonych odpowiedzi
Twoja historia wyników
Nie rozwiązałeś tego quizu